[Event "GER-chT U16"]
[Site "Greifswald"]
[Date "2003.12.30"]
[Round "7.1"]
[White "Hirschfeld, Sebastian"]
[Black "Luft, Dennis"]
[Result "1-0"]
[WhiteElo "1443"]
[BlackElo "1817"]
[PlyCount "57"]
[EventDate "2003.12.27"]
[EventType "team-swiss"]
[EventRounds "7"]
[EventCountry "GER"]
[SourceTitle "EXT 2022"]
[Source "ChessBase"]
[SourceDate "2021.10.06"]
[SourceVersion "1"]
[SourceVersionDate "2021.10.06"]
[SourceQuality "1"]
[WhiteTeam "Gryps SV U16 II"]
[BlackTeam "Brackel SF U16"]
[WhiteTeamCountry "GER"]
[BlackTeamCountry "GER"]

1. e4 e5 2. d4 exd4 3. Qxd4 Nc6 4. Qe3 b6 5. Nc3 Bc5 6. Qg3 g6 7. Bg5 Be7 8. Nf3 Bxg5 9. Nxg5 h6 10. Nf3 Nge7 11. h4 Bb7 12. 0-0-0 a6 13. Nd5 Nxd5 14. exd5 Ne7 15. Bc4 d6 16. Rhe1 Qd7 17. Ne5 Qf5 18. Nc6 Bxc6 19. dxc6 Qf6 20. Qh3 0-0 21. Qe3 Nf5 22. Qf4 Kg7 23. g3 a5 24. a4 Rfe8 25. h5 gxh5 26. Bd3 Kg6 27. g4 hxg4 28. Rh1 h5 29. Rxh5 1-0

[Event "GER-chT U16"]
[Site "Greifswald"]
[Date "2003.12.27"]
[Round "2.1"]
[White "Krizek, Michael"]
[Black "Hirschfeld, Sebastian"]
[Result "0-1"]
[WhiteElo "1588"]
[BlackElo "1443"]
[PlyCount "40"]
[EventDate "2003.12.27"]
[EventType "team-swiss"]
[EventRounds "7"]
[EventCountry "GER"]
[SourceTitle "EXT 2022"]
[Source "ChessBase"]
[SourceDate "2021.10.06"]
[SourceVersion "1"]
[SourceVersionDate "2021.10.06"]
[SourceQuality "1"]
[WhiteTeam "Apolda TSG U16"]
[BlackTeam "Gryps SV U16 II"]
[WhiteTeamCountry "GER"]
[BlackTeamCountry "GER"]

1. e4 e5 2. Nf3 Nc6 3. Bc4 Nf6 4. 0-0 Nxe4 5. Re1 d5 6. Bb5 Bd6 7. d3 Nf6 8. Bxc6+ bxc6 9. Nxe5 0-0 10. Nxc6 Qd7 11. Ne5 Qf5 12. d4 Re8 13. Nf3 Rxe1+ 14. Nxe1 Bxh2+ 15. Kf1 Ng4 16. Qf3 Qh5 17. g3 Ba6+ 18. Nd3 Re8 19. Bf4 Qh3+ 20. Qg2 Re1+ 0-1

[Event "Greifswald op"]
[Site "Greifswald"]
[Date "2003.08.28"]
[Round "1"]
[White "Hirschfeld, Sebastian"]
[Black "Hoenecke, Judith"]
[Result "0-1"]
[WhiteElo "1173"]
[BlackElo "1779"]
[PlyCount "70"]
[EventDate "2003.08.??"]
[EventType "swiss"]
[EventRounds "7"]
[EventCountry "GER"]
[SourceTitle "EXT 2005"]
[Source "ChessBase"]
[SourceDate "2004.11.15"]
[SourceVersion "1"]
[SourceVersionDate "2004.11.15"]
[SourceQuality "1"]

1. e4 c5 2. d4 cxd4 3. Qxd4 Nc6 4. Qe3 d6 5. Bd2 Nf6 6. Nc3 e6 7. 0-0-0 Be7 8. h3 a6 9. f4 Qc7 10. Nf3 b5 11. e5 dxe5 12. Nxe5 Bb7 13. Rg1 Nb4 14. Nd3 Nxd3+ 15. Bxd3 Bc5 16. Qe5 Qxe5 17. fxe5 Bxg1 18. exf6 Bd4 19. Nxb5 Be5 20. fxg7 Rg8 21. Bc3 Bf4+ 22. Kb1 axb5 23. Bxh7 Ke7 24. Bxg8 Rxg8 25. Bb4+ Ke8 26. Bc3 e5 27. g3 Bxg3 28. Rg1 Bh2 29. Rg4 Bf3 30. Rg5 Bf4 31. Rg1 f6 32. Bb4 Kf7 33. Bf8 Bh6 34. Rg3 Bd5 35. Rd3 Be6 0-1

[Event "Greifswald op"]
[Site "Greifswald"]
[Date "2003.08.28"]
[Round "2"]
[White "Klinger, Clemens"]
[Black "Hirschfeld, Sebastian"]
[Result "1-0"]
[WhiteElo "1507"]
[BlackElo "1173"]
[PlyCount "31"]
[EventDate "2003.08.??"]
[EventType "swiss"]
[EventRounds "7"]
[EventCountry "GER"]
[SourceTitle "EXT 2005"]
[Source "ChessBase"]
[SourceDate "2004.11.15"]
[SourceVersion "1"]
[SourceVersionDate "2004.11.15"]
[SourceQuality "1"]

1. e4 e5 2. Nf3 Nc6 3. Bc4 Nf6 4. Ng5 d5 5. exd5 Na5 6. Bb5+ Bd7 7. Qe2 Bd6 8. d4 e4 9. Bd2 a6 10. Bxd7+ Nxd7 11. Qxe4+ Qe7 12. Bxa5 0-0-0 13. Qxe7 Bxe7 14. Nxf7 Rde8 15. Nxh8 Bb4+ 16. Kd1 1-0